Just say yes / Goldy Moldavsky.
Available copies
- 3 of 3 copies available at LARL/NWRL Consortium. (Show)
- 1 of 1 copy available at Northwest Regional Library.
Current holds
0 current holds with 3 total copies.
Show Only Available Copies
| Location | Call Number / Copy Notes | Barcode | Shelving Location | Status | Due Date |
|---|---|---|---|---|---|
| Godel Memorial-Warren Library | ya MOL (Text) | 35500006760225 | Main | Available | - |
Record details
- ISBN: 9781250863249
- ISBN: 1250863244
- ISBN: 9781250863232
- ISBN: 1250863236
- Physical Description: 312 pages ; 21 cm
- Edition: First edition.
- Publisher: New York : Henry Holt and Company, 2024.
Content descriptions
| Summary, etc.: | When seventeen-year-old Jimena realizes she is ... Read More |
| Target Audience Note: | Ages 14-18. Henry Holt and Company. Grades 10-12. Henry Holt and Company. |
Search for related items by subject
| Subject: | Noncitizens > Young adult fiction. Online dating > Young adult fiction. New York (N.Y.) > Young adult fiction. Noncitizens > Fiction. Online dating > Fiction. New York (N.Y.) > Fiction. |
| Genre: | Romance fiction. Novels. |
| LDR | 01557cam a2200457Ii 4500 | ||
|---|---|---|---|
| 001 | 428999 | ||
| 003 | LARL_NWRL_CONSORTIUM | ||
| 005 | 20240126154459.0 | ||
| 008 | 240118s2024 nyu d 000 1 eng | ||
| 010 | . | ‡a 2023033636 | |
| 040 | . | ‡aDLC ‡beng ‡erda ‡cPNX ‡dPNX ‡dOCLCO ‡dSDG ‡dOCLCO | |
| 020 | . | ‡a9781250863249 ‡qhc. | |
| 020 | . | ‡a1250863244 ‡qhc. | |
| 020 | . | ‡a9781250863232 ‡q(paperback) | |
| 020 | . | ‡a1250863236 ‡q(paperback) | |
| 035 | . | ‡a(OCoLC)1412038685 ‡z(OCoLC)1417602865 | |
| 043 | . | ‡an-us-ny | |
| 082 | 0 | 0. | ‡a[Fic] ‡223 |
| 100 | 1 | . | ‡aMoldavsky, Goldy, ‡eauthor. ‡0(LARL_NWRL_CONSORTIUM)224489 |
| 245 | 1 | 0. | ‡aJust say yes / ‡cGoldy Moldavsky. |
| 250 | . | ‡aFirst edition. | |
| 264 | 1. | ‡aNew York : ‡bHenry Holt and Company, ‡c2024. | |
| 300 | . | ‡a312 pages ; ‡c21 cm | |
| 336 | . | ‡atext ‡btxt ‡2rdacontent | |
| 337 | . | ‡aunmediated ‡bn ‡2rdamedia | |
| 338 | . | ‡avolume ‡bnc ‡2rdacarrier | |
| 521 | . | ‡aAges 14-18. ‡bHenry Holt and Company. | |
| 521 | . | ‡aGrades 10-12. ‡bHenry Holt and Company. | |
| 520 | . | ‡aWhen seventeen-year-old Jimena realizes she is undocumented, she decides the best path forward is to find an American to marry her. | |
| 650 | 0. | ‡aNoncitizens ‡vYoung adult fiction. | |
| 650 | 0. | ‡aOnline dating ‡vYoung adult fiction. | |
| 651 | 0. | ‡aNew York (N.Y.) ‡vYoung adult fiction. | |
| 650 | 1. | ‡aNoncitizens ‡vFiction. | |
| 650 | 1. | ‡aOnline dating ‡vFiction. ‡0(LARL_NWRL_CONSORTIUM)173832 | |
| 651 | 1. | ‡aNew York (N.Y.) ‡vFiction. ‡0(LARL_NWRL_CONSORTIUM)166410 | |
| 655 | 7. | ‡aRomance fiction. ‡2lcgft | |
| 655 | 7. | ‡aNovels. ‡2lcgft | |
| 901 | . | ‡a428999 ‡bOCoLC ‡c428999 ‡tbiblio ‡soclc | |

Add to basket
Permalink
Disable Highlighting